01330nam a2200253 a 4500001001000000005001700010008004100027041000800068044000700076084002100083100004500104245010100149260006000250300002200310500018000332500011900512500019900631500000900830650005200839650005600891650003400947650004500981740005001026BRCA_240520190320203807.0121108s1719----be-a---###---#000-0#spa-u aspa abe a046b.V474c17191 aCervantes Saavedra, Miguel ded1547-161610aVida y hechos de Ingenioso Don Quixote de la Manchaccompuesto por Miguel de Cervantes Saavedra. aAmberes (Bélgica)bHenrico y Cornelio Verdussenc1719 a2 v.bil.c18 cm. aContenido : v 1. Prólogo del autor. Versos preliminares. Aprovación y Privilegio. Texto. -- v 2. Prólogo del autor. Versos preliminares. Aprovación y Privilegio. Texto aEdición : Nueva edición corregida y ilustrada con 32 diferentes estampas muy donosas y apropiadas a la materia aReimpresión, con pequeñas variantes tipográficas, de la edición de 1697 de los mismos impresores y con las mismas láminas. Ejemplar bastante bien conservado; pergamino Lúdovik Osterc aQM3214aNovela españolayÉpoca clásica, 1500-170014aLiteratura españolayÉpoca clásica, 1500-170014aNovela españolaySiglo XVII14aDon Quijote (Personaje ficticio)eNovela0 aEl Ingenioso Hidalgo Don Quijote de la Mancha